Дневникът на един нинджа 6 : Бандити в училище "Бюканън" (Запис номер 376996)
[ съкратено ]
| 000 -Лидер | |
|---|---|
| Контролно поле с фиксирана дължина | 01375aam a2200301 a 4500 |
| 003 - Код на организацията, давaща контролен номер | |
| Контролно поле | BLK |
| 005 - Дата и час на последна редакция | |
| Контролно поле | 20250621124701.0 |
| 008 - Елементи от данни с фиксирана дължина | |
| fixed length control field | 181011b bu ||||| |||| 00| 0 bu d |
| 020 ## - Международен стандартен номер на книга ISBN | |
| Международен стандартен номер на книга ISBN | 9789542619208 |
| 040 ## - Източник на каталожния запис | |
| Идентификатор на билиотеката - собственик на записа | BLK |
| 041 ## - Код за език | |
| Код за езика на текст/звукозапис или на отделно заглавие | Български |
| Код за езика КДБФ | Български |
| 080 ## - УДК | |
| Текстов определител УДК | Американска литература (на САЩ) |
| УДК код - определител по УДК | 821.111(73) |
| УДК определител | -93-31 |
| УДК - код + определител | 821.111(73)-93-31 |
| 100 ## - Редна дума - Автор | |
| Автор | Емерсън, Маркъс |
| Авторска отговорност | първи автор |
| R(LIN) | 1299 |
| 139 ## - Редно поле | |
| Редна дума | Емерсън, Маркъс |
| Авторски знак | Еме - Е 59 |
| 245 ## - Сведения за заглавието | |
| Заглавие | Дневникът на един нинджа 6 : Бандити в училище "Бюканън" |
| Редно поле (дума) | Маркъс Емерсън ; прев. от англ. Коста Сивов |
| 257 ## - Страна на издаване | |
| Страна на създаване/издаване | Съединени американски щати |
| 260 ## - Област на издателските данни | |
| Име на издателя, разпространителя и проч. | Хермес |
| Година на издаване | 2020 |
| Място на издаване, разпространение и проч. | Пловдив |
| 9 (RLIN) | 209439 |
| Печатница | София : Алианс Принт ЕООД |
| 300 ## - Физическа характеристика | |
| Страници | 208 с. |
| Размери/Мащаб | 20 см |
| Илюстрации и др. | с ил. |
| 380 ## - Жанр | |
| Жанр | Детска худож. лит. |
| 500 ## - Общи забележки | |
| Забележка | Ориг. загл.: Diary of a sixth grade ninja: BUCHANAN BANDITS / Marcus Emerson. Маркъс Емерсън - псевд. на David Halvorson<br/>Кн. 6 от поредицата Дневникът на един нинджа |
| 700 ## - Други автори (авторска отговорност) | |
| Лично име | Сивов, Коста Атанасов |
| 9 (RLIN) | 383724 |
| 852 ## - Местоположение | |
| Фондова буква | Детски отдел |
| Систематично-азбучна сигнатура | 821-93/Е 59М |
| 999 ## - СИСТЕМНИ КОНТРОЛНИ НОМЕРА | |
| Koha biblionumber | 376996 |
| Koha biblioitemnumber | 376996 |
| 942 ## - АРТИКУЛИ | |
| Вид на библиотечния материал | Книги |
| Източник на класификационната схема | Universal Decimal Classification |
| Скрит в OPAC | Не |
| Koha issues (borrowed), all copies | 8 |
| Периодичен библиозапис | Да |
| 944 ## - СЪЗДАВАНЕ И РЕДАКЦИЯ на ЗАПИСА | |
| Създаване/Редакция | Създаване |
| Дата на регистрацията/редакция | 2020-07-24 |
| Служител, извършил регистрацията/редакцията | 30552 |
| Статус, дата на статуса | Виолета Тройчева |
| 999 ## - СИСТЕМНИ КОНТРОЛНИ НОМЕРА | |
| Koha biblioitemnumber | 331001 |
| 999 ## - СИСТЕМНИ КОНТРОЛНИ НОМЕРА | |
| Koha biblioitemnumber | 325365 |
| 999 ## - СИСТЕМНИ КОНТРОЛНИ НОМЕРА | |
| Koha biblioitemnumber | 325365 |
| Код за отписване | Код за изгубен артикул | Източник на класификационната схема | Код за повреда | Коз за рестрикции | Код за отдаване | Артикулен № | Име на библиотеката - собственик | Име на библиотеката, в която се намира в момента | Статус (Текущо местоположение) | Дата на вписване в системата | Местоположение - отдел | Цена в лева | Систематично азбучна сигнатура | Баркод | Цена в евро | Служебен тип на артикула |
|---|---|---|---|---|---|---|---|---|---|---|---|---|---|---|---|---|
| Не е изгубен | Universal Decimal Classification | Не е повреден | без рестрикции | заемане за дома | 786140 | Регионална библиотека "Любен Каравелов" Русе | Регионална библиотека "Любен Каравелов" Русе | Детски отдел | 2020-07-25 | Детски отдел | 6.97 | 821-93/Е 59 М | 120000843591 | 3.56 | Книги | |
| Не е изгубен | Universal Decimal Classification | Не е повреден | без рестрикции | заемане за дома | 786141 | Регионална библиотека "Любен Каравелов" Русе | Регионална библиотека "Любен Каравелов" Русе | Детски отдел | 2020-07-25 | Детски отдел | 6.97 | 821-93/Е 59 М | 120000843590 | 3.56 | Книги | |
| Не е изгубен | Universal Decimal Classification | Не е повреден | само за читалня | ползва се в читалня | 814954 | Регионална библиотека "Любен Каравелов" Русе | Регионална библиотека "Любен Каравелов" Русе | Хранилище | 2021-03-08 | Хранилище | 9.95 | Цб 306559 | 120000852224 | 5.09 | Книги |